| 000 | 00778nam a22002417a 4500 | ||
|---|---|---|---|
| 005 | 20131220112605.0 | ||
| 008 | 131126b xxu||||| |||| 00| 0 eng d | ||
| 010 | _aPUN-7767 | ||
| 020 |
_c130.00 _a9789350177792x |
||
| 035 | _aPN-6885 | ||
| 037 | _bDBAD / PUB | ||
| 037 | _bUnistar Books | ||
| 040 |
_adpl _bpn |
||
| 082 | _a851 | ||
| 100 | _aਮਨਦੀਪ ਸਿੰਘ | ||
| 245 |
_aਜਿੰਦੇ ਮੇਰੀਏ / _cਮਨਦੀਪ ਸਿੰਘ |
||
| 246 |
_aJinde meriye _bby Mandip Dingh |
||
| 260 |
_aChandigarh _bUnistar Books _c2011 |
||
| 270 |
_bChandigarh _asco-26-27, sector-34 A _k0172-5077427- 9815471219 _e160022 |
||
| 300 | 4 |
_a79p. _c22ਸੇਂਮੀ (ਸਜਿਲੱਦ) |
|
| 942 |
_2ddc _cPN _h851 _mਮਨਦੀ |
||
| 999 |
_c81343 _d81343 |
||